Harminc év a hatvanból
Elmentve itt :
| Szerző: | |
|---|---|
| Dokumentumtípus: | Cikk |
| Megjelent: |
1987-01-21
|
| Sorozat: | Délmagyarország
77 No. 17 |
| Kulcsszavak: | Balogh József, Textilművek |
| Online Access: | http://dmarchiv.bibl.u-szeged.hu/91597 |
| LEADER | 00457nab a2200157 i 4500 | ||
|---|---|---|---|
| 001 | delm91597 | ||
| 005 | 20190919094641.0 | ||
| 008 | 190919s1987 hu o 0|| hun d | ||
| 040 | |a SZTE Délmagyarország Archívum |b hun | ||
| 041 | |a hun | ||
| 100 | 1 | |a Bátyi Zoltán | |
| 245 | 1 | 0 | |a Harminc év a hatvanból |h [elektronikus dokumentum] / |c Bátyi Zoltán |
| 260 | |c 1987-01-21 | ||
| 300 | |a 3 | ||
| 490 | 0 | |a Délmagyarország |v 77 No. 17 | |
| 695 | |a Balogh József, Textilművek | ||